000 00950nam a22002537i 4500
999 _c23102
_d23102
003 AR-CdUCM
008 241028b20172017 pe||||| |||| 00| 0 spa d
020 _a978-612-4329-15-9
040 _aMUNICIPALIDAD PROVINCIAL DEL CUSCO
_cBIBLIOTECA MUNICIPAL DEL CUSCO
041 _hspa
082 _a355.40985 / G42
_bG42
100 _aGiampietri, Luis
_950749
245 _aRehén por siempre :
_bOperación Chavín de Huántar /
260 _aLima :
_bFondo Editorial del Congreso del Perú
_c2017
300 _a187 páginas. :
_c25 cm.
505 _aConversaciones -- Descubren túnel -- Plan de fuga -- Día D -- Hora H -- Corolario peregrino -- Enfoque de la sentencia de la CIDH sobre el caso Chavín de Huantar
650 _aLiberación
_94031
650 _aSucesos
_918461
650 _aExplosivos
_920526
650 _aEscuadrones policiales
_950750
650 _aAsesinatos
_942952
942 _2ddc
_cLIBROS
945 _apbj
_d28-10-2024